Taylor Swift Songs by Lyrics - Statistics

General Stats
  • This quiz has been taken 269 times
  • The average score is 20 of 31
Answer Stats
Hint Answer % Correct
So cut the headlights, summer's a knife
I'm always waiting for you just to cut to the bone
Devils roll the dice, angels roll their eyes
And if I bleed, you'll be the last to know, oh
Cruel Summer
86%
"X" marks the spot where we fell apart He poisoned the well, every man for himself I knew it from the first Old Fashioned, we were cursed Getaway Car
86%
My heart's been borrowed and yours has been blue All's well that ends well to end up with you Lover
85%
I'm dancin' on my own I make the moves up as I go And that's what they don't know Shake It Off
83%
The jokes weren't funny, I took the money My friends from home don't know what to say You're On Your Own, Kid
82%
I knew I'd curse you for the longest time Chasin' shadows in the grocery line I knew you'd miss me once the thrill expired And you'd be standin' in my front porch light cardigan
80%
Sometimes, I feel like everybody is a sexy baby Anti-Hero
78%
Keep you second guessing, like "Oh, my God, who is she?" I get drunk on jealousy Blank Space
77%
And I was thinkin' on the drive down, "Any time now He's gonna say it's love," you never called it what it was 'Til we were dead and gone and buried All Too Well (10 Minute Version)
76%
Walking the streets with you and your worn-out jeans I can't help thinking this is how it ought to be You Belong With Me
74%
Back when we were still changin' for the better Wanting was enough For me, it was enough august
73%
I don't trust nobody and nobody trusts me I'll be the actress starrin' in your bad dreams Look What You Made Me Do
72%
We're happy, free, confused and lonely in the best way It's miserable and magical, oh, yeah 22
69%
And I wouldn't marry me either A pathological people pleaser You're Losing Me
68%
For you, I would cross the line I would waste my time, I would lose my mind They say, "She's gone too far this time" Don't Blame Me
67%
You held your head like a hero
On a history book page
It was the end of a decade
But the start of an age
Long Live
67%
He says, "What you heard is true, but I Can't stop thinking 'bout you and I" Style
67%
But I got tired of waiting Wondering if you were ever coming around Love Story
66%
And you would hide away and find your peace of mind With some indie record that's much cooler than mine We Are Never Ever Getting Back Together
65%
The lingering question kept me up
2AM, who do you love?
I wonder 'til I'm wide awake
Enchanted
62%
I sit and listеn I polish plates until they gleam and glistеn You're so much older and wiser, and I tolerate it
59%
I know I tend to make it about me I know you never get just what you see But I will never bore you, baby ME!
58%
Now this is an open-shut case
I guess I should've known from the look on your face
Every bait-and-switch was a work of art
willow
58%
I, I, I persist and resist the temptation to ask you If one thing had been different Would everything be different today? the 1
56%
You were standing hollow-eyed in the hallway Carnations you had thought were roses, that's us Maroon
53%
And you'll add my name to your long list of traitors Who don't understand And I look back in regret how I ignored when they said "Run as fast as you can" Dear John
52%
I was walking up the front porch steps After everything that day Had gone all wrong or been trampled on And lost and thrown away Our Song
52%
And Abigail gave everything she had To a boy who changed his mind And we both cried Fifteen
49%
There's no time for tears, I'm just sittin' here planning my revenge There's nothing stoppin' me from goin' out with all of your best friends Picture to Burn
49%
How's one to know? I'd live and die for moments that we stole On begged and borrowed time ivy
43%
It's hard not to find it all a little bittersweet And lookin' back on all of that, it's nice to believe Tim McGraw
28%
No matching quizzes found
Score Distribution
Percent of People with Each Score
Percentile by Number Answered
Your Score History
You have not taken this quiz